| 000 | 00430nam a2200169Ia 4500 | ||
|---|---|---|---|
| 005 | 20250612024438.0 | ||
| 008 | 240331s9999 xx 000 0 und d | ||
| 020 | _a9555800308 | ||
| 082 |
_bTHI _a320 |
||
| 100 | _aThiruchelvam,N | ||
| 245 | 0 |
_aDeshapalanaya haa sanskruthiya : _byugayaka muhunu |
|
| 260 |
_acolombo _bS. Godage & brothers _c1998 |
||
| 300 | _a144 p ., | ||
| 650 | _aPolitical | ||
| 650 | _aCulture | ||
| 942 | _cL | ||
| 999 |
_c4996 _d4996 |
||